00552nam a22001817a 450000500170000001000190001702000420003603500180007803700090009608200180010510000130012324500780013625000070021426000310022127000820025230000280033449000080036220260428114720.0 aENG-148353-354 a9789349015623c6995.00(Set of 2 Vols) aEN-131885-886 bDBAD a347.93954216 aHargopal aLegal Draftsman:bA Comprehensive Guide to Deeds and Documents/cHargopal a16 aGurgaonbLexis Nexisc2026 a14th floor building no 10, tower-B, DLF cyber city, phase-IIbGurgaone122002 alxviii,3363p.c25cm(hb) v1,2